00337nam a22001337a 4500008004100000020001800041041000800059080001500067100000700082101000800089245007700097942001200174999001700186181029b xxu||||| |||| 00| 0 eng d a2740220109371 aeng 24 eda573 a11 aBIO aThinking About Biology An Introductory Laboratory Manual cBres.M 2udccBK c50986d50986